Score 0/78 Timer 08:00
4 Plays Today
% Correct
Belle
91.1%
Augustus
91%
Augusta
90%
Danke
88.7%
Eggo
88%
Columbia
87.4%
Frank N. Furter
87%
Frankfort
86.7%
Bela
85.8%
Ecto
85%
Bella
84.9%
Kate
84.8%
Columbus
84.6%
Echo
84.3%
Moses
84.1%
Obi
83.1%
There
82.9%
Dakar
82.4%
Frankfurt
82%
Their
81.9%
Norman
81.9%
Katie
81.8%
Withering
81.4%
Incendio
81.4%
Zimbabwe
81.3%
Colombia
81%
They're
81%
Pongo
80.8%
Pollo
80.7%
Jabberjay
80.1%
Quill
80.1%
Moseys
80%
Mosses
80%
Sans
79.7%
Xenophilia
79.5%
Versace
79.4%
Yo-Yo Ma
79.1%
Ural
79.1%
Vespucci
78.8%
% Correct
Norseman
78.8%
Weathering
78.7%
Uric
78.6%
Zamboni
78.4%
Guapo
78.4%
Opie
77.7%
Quayle
77.6%
Xenophobia
77.5%
Urdu
77.3%
Xenophilius
77%
Harley
76.8%
Gummo
76.7%
Indigo
76.7%
Odie
76.3%
Wuthering
76.2%
Quail
76.1%
Guido
76%
Jabberjaw
75.6%
Loki
74.9%
Yo Momma
74.7%
Jabberwock
73.6%
Zoboomafoo
73%
Yo Gabba Gabba!
72.1%
Sansa
71.8%
Kat
71.6%
Lodi
70.4%
Sana'a
70%
Augustana
68.6%
Ponyo
67.7%
Raimi
67.4%
Inigo
67.1%
Laogai
65.9%
Vizzini
65.5%
Northman
64.5%
Remy
63%
Hurley
61.2%
Romy
61.2%
Hursley
60.9%
Dhaka
56.4%
Remove Ads.
Support Sporcle.
Get the best of Sporcle when you Go Orange. This ad-free experience offers more features, more stats, and more fun while also helping to support Sporcle. Thank you for becoming a member.

You're not logged in!

Compare scores with friends on all Sporcle quizzes.
OR
Log In

Show Comments

Extras

Top Quizzes Today


Score Distribution

Your Account Isn't Verified!

In order to create a playlist on Sporcle, you need to verify the email address you used during registration. Go to your Sporcle Settings to finish the process.

Report this User

Report this user for behavior that violates our Community Guidelines.

Details: